Những món ăn từ cá
Hướng dẫn cách nấu các món ăn từ cá. Từ cách chuẩn bị nguyên liệu, thực hiện cho tới cách trình bày món ăn
Gespeichert in:
| 1. Verfasser: | |
|---|---|
| Format: | Buch |
| Sprache: | Undetermined |
| Veröffentlicht: |
Hà Nội
Phụ nữ
2011
|
| Schlagworte: | |
| Tags: |
Tag hinzufügen
Keine Tags, Fügen Sie den ersten Tag hinzu!
|
| Thư viện lưu trữ: | Trung tâm Học liệu Trường Đại học Cần Thơ |
|---|
| LEADER | 00771nam a2200205Ia 4500 | ||
|---|---|---|---|
| 001 | CTU_188705 | ||
| 008 | 210402s9999 xx 000 0 und d | ||
| 020 | |c 32000 | ||
| 082 | |a 641.692 | ||
| 082 | |b Th108 | ||
| 100 | |a Nguyễn, Thị Diệu Thảo | ||
| 245 | 0 | |a Những món ăn từ cá | |
| 245 | 0 | |c Nguyễn Thị Diệu Thảo | |
| 260 | |a Hà Nội | ||
| 260 | |b Phụ nữ | ||
| 260 | |c 2011 | ||
| 520 | |a Hướng dẫn cách nấu các món ăn từ cá. Từ cách chuẩn bị nguyên liệu, thực hiện cho tới cách trình bày món ăn | ||
| 650 | |a Cooking (Fish),Nấu ăn (cá) | ||
| 910 | |a Phan Trường Nhất,Hải | ||
| 980 | |a Trung tâm Học liệu Trường Đại học Cần Thơ | ||